000 00761nam a2200229 i 4500
001 184101
003 ES-MaACL
005 20230906222044.0
008 150316s1943 sp |||| |bspa d
080 _a929 Alvarado, Pedro de
100 1 _aBarón Castro, Rodolfo,
_d1909-1986
_925775
245 1 0 _aPedro de Alvarado /
_cRodolfo Barón Castro.
260 _aMadrid :
_bAtlas,
_c1943.
300 _a158 p. ;
_c20 cm.
490 1 _aVidas ;
_v9
597 _aCon sello de: Biblioteca D.P. Educación Nacional, Madrid.
598 _aColección de biografías... bajo la dir. de Joaquín Arrarás.
600 1 7 _aAlvarado, Pedro de.
_920595
830 0 _aVidas ;
_v9
_9192031
852 _aES-MaACL
_jE-15495
_z. - enc. hol.
999 _c184101
_d184101